Loading...
| Science - Biology | 1 | 6 | 1 | 2 | 70 | 47 | 99.86 | 0 | 2 | 0.00 | 0.00 |
| Beliefs | 0 | 3 | 0 | 0 | 30 | 97 | 105.00 | 0 | 1 | 0.00 | 0.00 |
| Science - Other | 0 | 2 | 0 | 0 | 20 | 89 | 97.50 | 0 | 0 | 0.00 | 0.00 |
| History - American | 0 | 2 | 0 | 1 | 20 | 84 | 107.50 | 0 | 0 | 0.00 | 0.00 |
| Social Science | 0 | 2 | 1 | 1 | 15 | 110 | 118.50 | 0 | 0 | 0.00 | 0.00 |
| History - European | 0 | 2 | 1 | 0 | 15 | 104 | 105.50 | 0 | 0 | 0.00 | 0.00 |
| Literature - World | 1 | 0 | 0 | 0 | 15 | 63 | 63.00 | 1 | 1 | 0.00 | 0.00 |
| Science - Chemistry | 0 | 1 | 0 | 0 | 10 | 130 | 130.00 | 0 | 0 | 0.00 | 0.00 |
| History - Ancient | 0 | 1 | 0 | 0 | 10 | 138 | 138.00 | 0 | 0 | 0.00 | 0.00 |
| History - World | 0 | 0 | 0 | 0 | 0 | 0.00 | 0 | 0 | 0.00 | 0.00 |